000171095 001__ 171095 000171095 005__ 20260506144057.0 000171095 0248_ $$2sideral$$a133943 000171095 037__ $$aART-2007-133943 000171095 041__ $$aspa 000171095 100__ $$0(orcid)0000-0001-7385-6772$$aMérida Donoso, José Antonio 000171095 245__ $$aUn tren que no salió. La lección de Historia de Antonio Buero Vallejo 000171095 260__ $$c2007 000171095 540__ $$9info:eu-repo/semantics/closedAccess$$aAll rights reserved$$uhttp://www.europeana.eu/rights/rr-f/ 000171095 655_4 $$ainfo:eu-repo/semantics/article$$vinfo:eu-repo/semantics/publishedVersion 000171095 773__ $$g52-53 (2007), 254-263$$pAn. stiint. Univ. "Al.I. Cuza" Iasi, Lit. (1999)$$tAnalele stiintifice ale Universitatii "Al.I. Cuza" din Iasi Literatura.$$x1841-9178 000171095 8564_ $$s214858$$uhttps://zaguan.unizar.es/record/171095/files/texto_completo.pdf$$yVersión publicada 000171095 8564_ $$s1717914$$uhttps://zaguan.unizar.es/record/171095/files/texto_completo.jpg?subformat=icon$$xicon$$yVersión publicada 000171095 909CO $$ooai:zaguan.unizar.es:171095$$particulos$$pdriver 000171095 951__ $$a2026-05-06-13:58:29 000171095 980__ $$aARTICLE